000 00515nmm a2200157Ia 4500
008 251105s9999||||xx |||||||||||||||||und||
041 _aspa
100 _aH.P. LOVECRAFT
245 0 _aObras Completas Lovecraft :
_b Obras completas
264 _a[Buenos Aires, Argentina] :
_bEditorial Del Nuevo Extremo,
_c[Fecha de publicación no identificada]
300 _a1379 páginas
490 _aFicción adultos
650 _aOther narratives
856 _uhttps://public.digitaliapublishing.com/a/99739
942 _cCF
999 _c99338
_d99338